Organización escolar / (Record no. 176010)

MARC details
000 -LEADER
campo de control de longitud fija 00814nam a22002295i 4500
001 - NÚMERO DE CONTROL
campo de control 176010
003 - IDENTIFICADOR DE NÚMERO DE CONTROL
campo de control ES-MaACL
005 - FECHA Y HORA DE LA ÚLTIMA TRANSACCIÓN
campo de control 20250828102913.0
008 - DATOS DE LONGITUD FIJA--INFORMACIÓN GENERAL
campo de control de longitud fija 101209s1967 sp a |||| | spa d
080 ## - NÚMERO DE LA CLASIFICACIÓN DECIMAL UNIVERSAL
Número de la Clasificación Decimal Universal 371.2
100 1# - ENTRADA PRINCIPAL--NOMBRE DE PERSONA
Nombre de persona Lavara Gros, Eliseo.
9 (RLIN) 70690
245 10 - MENCIÓN DEL TÍTULO
Título Organización escolar /
Mención de responsabilidad, etc. Eliseo Lavara Gros.
260 ## - PUBLICACIÓN, DISTRIBUCIÓN, ETC.
Lugar de publicación, distribución, etc. Madrid :
Nombre del editor, distribuidor, etc. Compañía Bibliográfica Española,
Fecha de publicación, distribución, etc. [1967]
300 ## - DESCRIPCIÓN FÍSICA
Extensión XXIII, 541 p. :
Otras características físicas il. ;
Dimensiones 25 cm.
490 1# - MENCIÓN DE SERIE
Mención de serie Biblioteca de pedagogía práctica ;
Designación de volumen o secuencia 1-A.
Mención de serie Tiempo y educación
500 ## - NOTA GENERAL
Nota general Índice.
650 ## - PUNTO DE ACCESO ADICIONAL DE MATERIA--TÉRMINO DE MATERIA
Término de materia o nombre geográfico como elemento de entrada Administración y organización escolar.
9 (RLIN) 142207
710 2# - ENTRADA AGREGADA--NOMBRE DE ENTIDAD CORPORATIVA
Nombre de entidad corporativa o nombre de jurisdicción como elemento de entrada Compañía Bibliográfica Española.
9 (RLIN) 171207
830 10 - PUNTO DE ACCESO ADICIONAL DE SERIE-TÍTULO UNIFORME
Título uniforme Biblioteca de pedagogía práctica
Designación de volumen o secuencia 1-A.
9 (RLIN) 189900
852 ## - LOCALIZACIÓN
Ubicación ES-MaACL
Número de control de estantería E-13744
Encuadernación Olim P-1372
Holdings
Estatus retirado Estado de pérdida Estado de daño No para préstamo Biblioteca de origen Biblioteca actual Ubicación en estantería Fecha de adquisición Fuente de adquisición Total de préstamos Signatura topográfica completa Código de barras Visto por última vez Precio de reemplazo Tipo de ítem Koha
        Biblioteca del Ateneo de Madrid Biblioteca del Ateneo de Madrid Depósito 2 09/12/2010     E-13744 1184840 23/02/2023 23/02/2023 Libro impreso